| 000 | 00389cam a22001097a 4500 | ||
|---|---|---|---|
| 008 | 180718b1969 xxu||||| |||| 00| 0 eng d | ||
| 082 | _aR706x71 C16/ST/19 | ||
| 100 | _aReuber, Grany L. | ||
| 245 |
_aTask force on labour relations, study no. 19 Wage determination in Canadian manufacturing industries _cby Grany L. Reuber |
||
| 260 |
_aOttawa _bPrivy Council Office _c1969 |
||
| 300 | _axi, 144p | ||
| 999 |
_c496385 _d496385 |
||